तुम्हारे बारे में कह रहा था: (Record no. 214701)

MARC details
000 -LEADER
fixed length control field 00789nam a22001817a 4500
005 - DATE AND TIME OF LATEST TRANSACTION
control field 20260205114605.0
010 ## - LCCN (DPL NO)
LC control number HIN-131040
020 ## - INTERNATIONAL STANDARD BOOK NUMBER
International Standard Book Number 9789349162754
Terms of availability 235.00
035 ## - SYSTEM CONTROL NUMBER
System control number HN-103386
037 ## - SOURCE OF ACQUISITION
Source of stock number/acquisition DBAD
082 ## - DEWEY DECIMAL CLASSIFICATION NUMBER
Classification number 821
100 ## - MAIN ENTRY--PERSONAL NAME
Personal name गोस्वामी, अमित
245 ## - TITLE STATEMENT
Title तुम्हारे बारे में कह रहा था:
Statement of responsibility, etc अमित गोस्वामी
Remainder of title शायरी सदाबहार /
260 ## - PUBLICATION, DISTRIBUTION, ETC. (IMPRINT)
Place of publication, distribution, etc दिल्ली
Name of publisher, distributor, etc राजपाल एण्ड सन्ज
Date of publication, distribution, etc 2026
270 ## - ADDRESS
Address 1590, मदरसा रोड, कश्मीरी गेट,
City दिल्ली
Postal code 110006
300 ## - PHYSICAL DESCRIPTION
Extent 112पृ.
Dimensions 22सेमी(अजिल्द}
942 ## - ADDED ENTRY ELEMENTS (KOHA)
Source of classification or shelving scheme Dewey Decimal Classification
Item type Hindi Books
Classification part 821
Call number suffix गोस्वामी
Holdings
Withdrawn status Lost status Not for loan Collection code Home library Current library Date acquired Source of acquisition Cost, normal purchase price Full call number Barcode Copy number Cost, replacement price Koha item type
      Non-fiction Patel Nagar Patel Nagar 05/02/2026 DBAD 235.00 821 गोस्वामी HN-103386 1 235.00 Hindi Books

© Delhi Public Library
Hit Counter
free hit counter